Собрание сочинений. Т. 1: Стихотворения и поэмы, 1951-2000 (Запись № 13536508)

Подробности
000 -МАРКЕР
контрольное поле 01377nam2a2200241 4500
001 - ИДЕНТИФИКАТОР ЗАПИСИ
контрольное поле RU\NLR\BIBL_A\022706020
005 - ИДЕНТИФИКАТОР ВЕРСИИ
контрольное поле 20260205115945.0
010 ## - МЕЖДУНАРОДНЫЙ СТАНДАРТНЫЙ НОМЕР КНИГИ (ISBN)
Номер (ISBN) 978-5-91281-147-0
Тираж 200
021 ## - НОМЕР ГОСУДАРСТВЕННОЙ РЕГИСТРАЦИИ
Код страны Российская Федерация
Номер КН-П-25-072549
Номер Листа государственной регистраци КН-П-25-7032
035 ## - ДРУГИЕ СИСТЕМНЫЕ НОМЕРА
Идентификатор записи (NLR Aleph) 022706020
100 ## - ДАННЫЕ ОБЩЕЙ ОБРАБОТКИ
Данные общей обработки 20260121d2025 u y0rusy50 ca
101 0# - ЯЗЫК РЕСУРСА
Язык текста, звукозаписи и т.д. русский
102 ## - СТРАНА ПУБЛИКАЦИИ ИЛИ ПРОИЗВОДСТВА
Страна публикации Российская Федерация
105 ## - ПОЛЕ КОДИРОВАННЫХ ДАННЫХ: ТЕКСТОВЫЕ МАТЕРИАЛЫ, МОНОГРАФИЧЕСКИЕ
Кодированные данные о монографическом текстовом документе c z 010ay
200 1# - ЗАГЛАВИЕ И СВЕДЕНИЯ ОБ ОТВЕТСТВЕННОСТИ
Основное заглавие Стихотворения и поэмы, 1951-2000
210 ## - ПУБЛИКАЦИЯ, РАСПРОСТРАНЕНИЕ И ДР.
Дата издания, распространения и т.д. 2025
215 ## - ФИЗИЧЕСКАЯ ХАРАКТЕРИСТИКА
Специфическое обозначение материала и объем 558, [1] с.
Другие сведения о физической характеристике портр.
461 #0 - УРОВЕНЬ НАБОРА
Встроенное поле 001RU\NLR\BIBL_A\022706017
-- 2001#$aСобрание сочинений$eв пяти томах$fИрэна Сергеева$g[редактор: Я. И. Драгич]$vТ. 1
-- 700#1$aСергеева$bИ. А.$cпоэт, писатель$f1936-$gИрэна Андреевна$3RU\NLR\AUTH\7742818
Системный номер (АБИС) связанной записи 13547948
Автор Сергеева, И. А. (поэт, писатель ; 1936-)
Место публикации Санкт-Петербург
Дата публикации 2025-
Первые сведения об ответственности Ирэна Сергеева
Имя издателя, распространителя и т.д. Санкт-Петербургское отделение Общероссийской общественной организации "Союз писателей России"
Сведения, относящиеся к заглавию в пяти томах
Заглавие Собрание сочинений
Номер тома Т. 1
942 ## - ДОПОЛНИТЕЛЬНЫЕ ЭЛЕМЕНТЫ ЗАПИСИ (АБИС)
Тип экземпляра АБИС Книга
980 ## - КОЛЛЕКЦИЯ
Название коллекции Национальная библиография

Нет доступных экземпляров.